000 00467nam a2200181Ia 4500
005 20250423100711.0
008 250422s9999 xx 000 0 und d
020 _a9781071635445
050 _aQP 357 .P79/
100 _aEdited by Massimiliano Valeriani and Marina de Tommaso
245 0 _aPsychophysiology Methods
260 _aNew York
260 _bSpringer
260 _c2024
300 _a288 p
650 _aPsychophysiology--Methodology.
942 _cBK
999 _c34102
_d34102